000 01227nam a22001937a 4500
999 _c62624
_d62624
003 Ge_BSU
005 20241219171640.0
008 241219s1966 ge ||||| |||| 00| 0 geo d
041 _ageo
080 _a612.821 : 159.97 ვ-22
100 _aვასილიევი, ლეონიდე
_924015
245 _aადამიანის ფსიქიკის იდუმალი მოვლენები :
_b[პოპულარული ნარკვევი ატიპიურ ფსიქიკურ მოვლენათა ფიზიოლოგიურ საფუძვლებზე] /
_cლეონიდე ვასილიევი; თარგმანი ბეჟან სიხარულიძისა.
264 _aთბილისი :
_bსაბჭ. საქართველო,
_c1966.
300 _a186 გვ. :
_bილ. ;
_c20 სმ.
653 _aადამიანის ფსიქიკის ანომალიები
653 _aატიპიური ფსიქიკური მოვლენები
700 _aსიხარულიძე, ბეჟან
_eმთარგმანელი
_924016
942 _2udc
_cBK